[Event "European Blitz 2016"]
[Site "Tallinn EST"]
[Date "2016.12.17"]
[Round "5.31"]
[White "Bartel, Mateusz"]
[Black "Ristoja, Jan"]
[Result "1-0"]
[WhiteTitle "GM"]
[BlackTitle "FM"]
[WhiteElo "2641"]
[BlackElo "2278"]
[WhiteFideId "1112635"]
[BlackFideId "503673"]
[EventDate "2016.12.17"]

1. e4 g6 2. d4 Bg7 3. Nf3 d6 4. Bc4 a6 5. a4 Nc6 6. c3 e5 7. Bg5 Nf6 8. dxe5
dxe5 9. Qxd8+ Nxd8 10. Nbd2 Nd7 11. Bxd8 Kxd8 12. Bxf7 Ke7 13. Bc4 Nc5 14. b4
Ne6 15. a5 Bd7 16. O-O Bc6 17. Bd5 Nf4 18. Bxc6 bxc6 19. Rfe1 Rhd8 20. Nb3 Rd3
21. Rac1 Ne6 22. Red1 Rad8 23. Rxd3 Rxd3 24. Kf1 Bh6 25. Nxe5 1-0

[Event "European Blitz 2016"]
[Site "Tallinn EST"]
[Date "2016.12.17"]
[Round "5.32"]
[White "Jezov, Roman"]
[Black "Huzman, Alexander"]
[Result "0-1"]
[WhiteTitle "FM"]
[BlackTitle "GM"]
[WhiteElo "2298"]
[BlackElo "2557"]
[WhiteFideId "4502078"]
[BlackFideId "2803828"]
[EventDate "2016.12.17"]

1. e4 e6 2. d4 d5 3. Nc3 dxe4 4. Nxe4 Nd7 5. Nf3 Ngf6 6. Bg5 h6 7. Nxf6+ Nxf6 8.
Bxf6 Qxf6 9. Bb5+ c6 10. Bd3 Bd6 11. Qe2 b6 12. O-O-O Bb7 13. Kb1 O-O-O 14. Be4
Kb8 15. Rhe1 g5 16. h3 h5 17. c3 g4 18. hxg4 hxg4 19. Nd2 Qg7 20. Nc4 Bc7 21. g3
Rh2 22. Qe3 Rdh8 23. Rh1 Qf6 24. Rxh2 Rxh2 25. Rd2 Rh5 26. Bg2 Qg5 27. Qxg5 Rxg5
28. Ne3 f5 29. Re2 Rh5 30. Nf1 Rh6 31. Kc2 Bd6 32. c4 Kc7 33. b3 a5 34. f4 gxf3
35. Bxf3 Rg6 36. Bh5 Rh6 37. Bf3 Bc8 38. g4 c5 39. gxf5 exf5 40. dxc5 Bxc5 41.
Ne3 Rh3 42. Nd5+ Kd6 43. Bg2 Rh2 44. Bf3 Rxe2+ 45. Bxe2 Ke5 46. Bf3 f4 47. a3
Bf5+ 48. Kc3 Bxa3 49. Nxb6 Bb4+ 50. Kb2 Be4 51. Be2 f3 52. Bf1 Kd4 53. Nd5 Bd3
54. Bh3 f2 55. Nb6 f1=Q 56. Bxf1 Bxf1 57. Nd7 Bh3 58. Nb6 Be6 59. Na4 Kd3 60.
Nb6 Kd4 61. Na4 Bd7 62. Nb6 Bc6 63. Nc8 Bc5 64. Kc2 Bb7 0-1

[Event "European Blitz 2016"]
[Site "Tallinn EST"]
[Date "2016.12.17"]
[Round "6.2"]
[White "Bortnyk, Olexandr"]
[Black "Luch, Michal"]
[Result "1/2-1/2"]
[WhiteTitle "GM"]
[BlackTitle "IM"]
[WhiteElo "2581"]
[BlackElo "2433"]
[WhiteFideId "14120828"]
[BlackFideId "1120042"]
[EventDate "2016.12.17"]

1. e4 Nf6 2. e5 Nd5 3. d4 d6 4. Nf3 dxe5 5. c4 Nf6 6. Nxe5 Nbd7 7. f4 e6 8. Nc3
c5 9. d5 exd5 10. cxd5 Bd6 11. Nc4 Qe7+ 12. Be2 Nb6 13. Nxd6+ Qxd6 14. O-O O-O
15. Bf3 Bd7 16. a4 Rad8 17. a5 Na8 18. Be3 Nc7 19. Qb3 b5 20. axb6 axb6 21. Ra7
b5 22. Rd1 c4 23. Qa2 b4 24. Qxc4 bxc3 25. Bc5 Bb5 26. Qxc3 Qxf4 27. Bxf8 Ncxd5
28. Bxd5 Kxf8 29. Qc5+ Kg8 30. Qxb5 Qe3+ 31. Kf1 Qxa7 32. Bxf7+ Kxf7 33. Rxd8
Qe3 34. Qc4+ Ke7 35. Qc7+ Ke6 36. Qd6+ Kf5 37. Qd3+ Qxd3+ 38. Rxd3 Ke4 39. Rd6
Ke5 40. Rxf6 1/2-1/2

[Event "European Blitz 2016"]
[Site "Tallinn EST"]
[Date "2016.12.17"]
[Round "6.3"]
[White "Sarana, Alexey"]
[Black "Onischuk, Vladimir"]
[Result "0-1"]
[WhiteTitle "IM"]
[BlackTitle "GM"]
[WhiteElo "2457"]
[BlackElo "2601"]
[WhiteFideId "24133795"]
[BlackFideId "14114038"]
[EventDate "2016.12.17"]

1. d4 d6 2. c4 e5 3. Nf3 e4 4. Nfd2 f5 5. Nc3 Nf6 6. e3 g6 7. b4 Bg7 8. Qb3 O-O
9. Be2 Be6 10. Bb2 Nbd7 11. a4 c6 12. a5 Rc8 13. Rd1 Bf7 14. O-O Re8 15. a6 b6
16. d5 cxd5 17. Nxd5 Ne5 18. Qa4 Nxd5 19. cxd5 Re7 20. Qb3 Rec7 21. Rc1 h5 22.
Bb5 Kh7 23. Rxc7 Rxc7 24. Rc1 Rxc1+ 25. Bxc1 Qa8 26. Bb2 Qxd5 27. Qxd5 Bxd5 28.
Bxe5 Bxe5 29. Bc4 Bc6 30. b5 Bd7 31. Kf1 Kg7 32. h3 Kf6 33. Ke1 d5 34. Be2 Ke7
35. Nb3 Kd6 36. Kd2 h4 37. Bf1 g5 38. Be2 f4 39. Bf1 f3 40. Nd4 fxg2 41. Bxg2
Bxd4 42. exd4 Bxb5 0-1

[Event "European Blitz 2016"]
[Site "Tallinn EST"]
[Date "2016.12.17"]
[Round "6.4"]
[White "Andriasian, Zaven"]
[Black "Miezis, Normunds"]
[Result "1/2-1/2"]
[WhiteTitle "GM"]
[BlackTitle "GM"]
[WhiteElo "2621"]
[BlackElo "2509"]
[WhiteFideId "13302000"]
[BlackFideId "11600136"]
[EventDate "2016.12.17"]

1. e4 c5 2. Nf3 e6 3. g3 Nc6 4. Bg2 g5 5. h3 Bg7 6. c3 h6 7. d4 cxd4 8. cxd4 d5
9. e5 Nge7 10. Nc3 a6 11. O-O b5 12. Be3 Bd7 13. Rc1 Qb6 14. Ne2 Nf5 15. Nh2 b4
16. Ng4 a5 17. Kh2 h5 18. Nf6+ Bxf6 19. exf6 g4 20. h4 Qd8 21. Bg5 Qb6 22. Re1
Ncxd4 23. Nxd4 Qxd4 24. Qxd4 Nxd4 25. Bxd5 Nf3+ 26. Bxf3 gxf3 27. Re5 a4 28. a3
bxa3 29. bxa3 Rc8 30. Rxc8+ Bxc8 31. Ra5 Bb7 32. Rxa4 Kd7 33. g4 hxg4 34. Kg3 e5
35. Kxg4 Ke6 36. Rb4 Bc6 37. Rb6 Kd5 38. Rb1 Ra8 39. Rd1+ Ke6 40. Rd3 Ra4+ 41.
Kg3 Be4 42. Rb3 Kf5 43. Rc3 Bd5 44. Rc5 Be6 45. Kxf3 Rxa3+ 46. Ke2 Ra4 47. Kf1
Ra1+ 48. Kg2 Ra4 49. Rb5 Rc4 50. Ra5 Rb4 51. Be3 Kxf6 52. h5 Rg4+ 53. Kf3 Rh4
54. h6 Kf5 55. Ke2 f6 56. Ra7 Bc4+ 57. Kd2 Bd5 58. Rg7 Be4 59. Kc3 Ke6 60. Kb4
Rh1 61. Kc5 Rh2 62. Kb6 Rh3 63. Kc7 Rh1 64. Bc5 Rc1 65. Kb6 Rh1 66. Be3 Rb1+ 67.
Kc5 Rh1 68. Kb4 Bf5 69. Kc3 Be4 70. Kd2 1/2-1/2

[Event "European Blitz 2016"]
[Site "Tallinn EST"]
[Date "2016.12.17"]
[Round "6.5"]
[White "Karttunen, Mika"]
[Black "Andreikin, Dmitry"]
[Result "0-1"]
[WhiteTitle "IM"]
[BlackTitle "GM"]
[WhiteElo "2455"]
[BlackElo "2737"]
[WhiteFideId "502081"]
[BlackFideId "4158814"]
[EventDate "2016.12.17"]

1. e4 c5 2. Nf3 e6 3. d4 cxd4 4. Nxd4 a6 5. Nc3 b5 6. a3 Bb7 7. Bd3 Bc5 8. Nb3
Be7 9. O-O d6 10. Bd2 Nf6 11. Qf3 Nbd7 12. Qg3 h5 13. f4 h4 14. Qf3 Rc8 15. Rae1
Rc7 16. Nd1 h3 17. Ba5 hxg2 18. Qxg2 Qc8 19. Bxc7 Qxc7 20. Rf3 Rh4 21. Nf2 g6
22. Kf1 Nh5 23. Nh3 Ndf6 24. Re2 Ng4 25. Ke1 d5 26. e5 d4 27. Be4 Bxe4 28. Rxe4
Ne3 29. Rfxe3 dxe3 30. Rxe3 Kf8 31. Rf3 Qc4 32. Qd2 Kg7 33. Kd1 Rxh3 0-1

[Event "European Blitz 2016"]
[Site "Tallinn EST"]
[Date "2016.12.17"]
[Round "6.7"]
[White "Vitiugov, Nikita"]
[Black "Kazakovskiy, Valeriy"]
[Result "1-0"]
[WhiteTitle "GM"]
[BlackTitle "IM"]
[WhiteElo "2726"]
[BlackElo "2430"]
[WhiteFideId "4152956"]
[BlackFideId "13507443"]
[EventDate "2016.12.17"]

1. d4 Nf6 2. Bf4 e6 3. e3 c5 4. Nf3 b6 5. Nc3 a6 6. d5 Bb7 7. dxe6 fxe6 8. Be2
b5 9. O-O Be7 10. a3 O-O 11. Qd2 d5 12. Rad1 Nc6 13. Ng5 Qd7 14. Nce4 Rad8 15.
Nxf6+ gxf6 16. Nf3 Kh8 17. e4 d4 18. Bg3 Bd6 19. Nh4 Bxg3 20. hxg3 Qg7 21. Qf4
Ne5 22. Rfe1 Qg5 23. Bf1 Qg7 24. b3 Ng6 25. Nxg6+ hxg6 26. a4 e5 27. Qh4+ Qh7
28. axb5 Qxh4 29. gxh4 axb5 30. Bxb5 Ra8 31. Bd3 Ra3 32. Ra1 Rfa8 33. Rxa3 Rxa3
34. Rb1 Ra2 35. f3 Bc8 36. Kf1 Be6 37. Ke1 Kg7 38. Kd2 f5 39. g3 Kf6 40. Bc4
Bxc4 41. bxc4 Ra3 42. Rb6+ Kf7 43. Rb3 Ra4 44. Kd3 Ra1 45. Rb7+ Kf6 46. Rb6+ Kf7
47. Rc6 Rf1 48. Ke2 Rc1 49. Kd2 Rf1 50. Rxc5 Rxf3 51. Rxe5 fxe4 52. Rxe4 Rxg3
53. Rxd4 Ke6 54. c5 Ra3 55. Rd6+ Kf5 56. c6 Ra4 57. Kd3 1-0

[Event "European Blitz 2016"]
[Site "Tallinn EST"]
[Date "2016.12.17"]
[Round "6.8"]
[White "Matlakov, Maxim"]
[Black "Margolin, Boris"]
[Result "1-0"]
[WhiteTitle "GM"]
[BlackTitle "IM"]
[WhiteElo "2694"]
[BlackElo "2387"]
[WhiteFideId "4168003"]
[BlackFideId "4646193"]
[EventDate "2016.12.17"]

1. Nf3 Nf6 2. g3 d5 3. Bg2 c6 4. O-O Bf5 5. d3 e6 6. Nh4 Bg4 7. h3 Bh5 8. f4
Nfd7 9. Qe1 f6 10. e4 Be7 11. exd5 exd5 12. Nf5 Kf8 13. Nd2 Bg6 14. Nxe7 Qxe7
15. Qf2 Qc5 16. Nb3 Qxf2+ 17. Kxf2 Na6 18. Bd2 h5 19. Na5 Rb8 20. b4 Bf5 21.
Rfe1 Nc7 22. a4 a6 23. Re2 Kf7 24. Rae1 Ne6 25. Be3 d4 26. Bd2 Rhe8 27. b5 cxb5
28. Nxb7 Rxb7 29. Bxb7 Ndc5 30. Bc6 Rb8 31. axb5 axb5 32. Bd5 Kg6 33. Bxe6 1-0

[Event "European Blitz 2016"]
[Site "Tallinn EST"]
[Date "2016.12.17"]
[Round "6.9"]
[White "Lobanov, Sergei"]
[Black "Kovalenko, Igor"]
[Result "0-1"]
[BlackTitle "GM"]
[WhiteElo "2429"]
[BlackElo "2684"]
[WhiteFideId "24183750"]
[BlackFideId "14117908"]
[EventDate "2016.12.17"]

1. e4 e6 2. d4 d5 3. Nc3 Bb4 4. e5 c5 5. Qg4 Ne7 6. dxc5 Nbc6 7. Bd2 d4 8. Ne4
Bxd2+ 9. Nxd2 Ng6 10. Ngf3 h5 11. Qe4 Qa5 12. Nxd4 Ngxe5 13. Nxc6 Nxc6 14. Qc4
e5 15. Bd3 Be6 16. Qb5 Qc7 17. O-O O-O 18. Rad1 Nd4 19. Qb4 Rac8 20. Ne4 h4 21.
c3 Nc6 22. Qa4 h3 23. Ng5 hxg2 24. Bh7+ Kh8 25. Qh4 gxf1=Q+ 26. Rxf1 g6 27.
Bxg6+ Kg7 28. Nxe6+ fxe6 0-1

[Event "European Blitz 2016"]
[Site "Tallinn EST"]
[Date "2016.12.17"]
[Round "6.10"]
[White "Wojtaszek, Radoslaw"]
[Black "Gorodetzky, David"]
[Result "1/2-1/2"]
[WhiteTitle "GM"]
[BlackTitle "FM"]
[WhiteElo "2749"]
[BlackElo "2350"]
[WhiteFideId "1118358"]
[BlackFideId "2813416"]
[EventDate "2016.12.17"]

1. Nf3 Nf6 2. c4 e6 3. g3 b6 4. Bg2 Bb7 5. O-O Be7 6. Nc3 O-O 7. Re1 d5 8. cxd5
exd5 9. d4 Na6 10. Bf4 c5 11. Rc1 Re8 12. dxc5 bxc5 13. Ne5 Bd6 14. Nd3 Rb8 15.
Qa4 c4 16. Bxd6 Qxd6 17. Nf4 Nc5 18. Qa3 d4 19. Nb5 Qb6 20. Nxd4 Bxg2 21. Kxg2
Nce4 22. Rxc4 Qxb2 23. Qxb2 Rxb2 24. a4 Ra2 25. Nb5 g6 26. f3 Ng5 27. Nxa7 Re3
28. Rec1 Nxf3 29. R4c3 Rxc3 30. Rxc3 Nd4 31. Nb5 Rxa4 32. Nd6 Ra6 33. Rc8+ Kg7
34. Nc4 Ra2 35. Nd6 Nxe2 36. Nxe2 Rxe2+ 37. Kf3 Re6 38. Nc4 h5 39. h3 Ra6 40.
Rc7 Re6 41. g4 hxg4+ 42. hxg4 Nh7 43. Kf4 Nf6 44. Ra7 Nd5+ 45. Kf3 Nf6 46. Ne3
Ne4 47. Nd5 Nd2+ 48. Kf4 Re4+ 49. Kg3 Nc4 50. Rc7 Rd4 51. Nf4 Kf8 52. Rc8+ Ke7
53. Rc7+ Kf8 54. Ne2 Rd3+ 55. Kf4 Nb6 56. Rb7 Nd7 57. Ng3 Nc5 58. Ra7 Rd4+ 59.
Kf3 Rd3+ 60. Kg2 Ne6 61. Ne4 Rd4 62. Kf3 Rd3+ 63. Kf2 Kg7 64. Rb7 Ra3 65. Nd6
Ng5 66. Rb5 Ne6 67. Rb7 Ng5 1/2-1/2

[Event "European Blitz 2016"]
[Site "Tallinn EST"]
[Date "2016.12.17"]
[Round "6.11"]
[White "D'Costa, Lorin A R"]
[Black "Saric, Ivan"]
[Result "0-1"]
[WhiteTitle "IM"]
[BlackTitle "GM"]
[WhiteElo "2391"]
[BlackElo "2652"]
[WhiteFideId "409219"]
[BlackFideId "14508150"]
[EventDate "2016.12.17"]

1. d4 Nf6 2. c4 g6 3. Nf3 d6 4. g3 c6 5. Bg2 Qa5+ 6. Nc3 Ne4 7. Qb3 Bg7 8. O-O
Nxc3 9. bxc3 O-O 10. h3 Nd7 11. Rb1 Nb6 12. Bg5 Re8 13. e4 Be6 14. d5 cxd5 15.
cxd5 Bd7 16. Rfc1 Rac8 17. c4 Qa4 18. Bf1 e6 19. Bf4 exd5 20. exd5 Qxb3 21. Rxb3
Bf5 22. Bxd6 Nxd5 23. Rxb7 Nc3 24. Ng5 Ne2+ 25. Bxe2 Rxe2 26. Rd1 Rce8 27. Nxf7
Re1+ 28. Rxe1 Rxe1+ 29. Kh2 Be4 30. Rb8+ Kxf7 31. g4 g5 32. Kg3 Rg1+ 33. Kh2
Rg2+ 34. Kh1 Rxg4+ 35. Kh2 Rg2+ 36. Kh1 Rxf2+ 37. Kg1 Bd4 38. Rf8+ Ke6 39. Rxf2
Kxd6 0-1

[Event "European Blitz 2016"]
[Site "Tallinn EST"]
[Date "2016.12.17"]
[Round "6.12"]
[White "Alekseev, Evgeny"]
[Black "Brodowski, Piotr"]
[Result "0-1"]
[WhiteTitle "GM"]
[BlackTitle "IM"]
[WhiteElo "2632"]
[BlackElo "2444"]
[WhiteFideId "4138147"]
[BlackFideId "1124480"]
[EventDate "2016.12.17"]

1. e4 d6 2. d4 Nf6 3. Bd3 g6 4. Nf3 Bg7 5. O-O a6 6. Re1 O-O 7. c3 Nbd7 8. e5
Nd5 9. e6 fxe6 10. Ng5 N7f6 11. Nxe6 Bxe6 12. Rxe6 c6 13. Na3 b5 14. Nc2 Nc7 15.
Re1 Qd7 16. Ne3 Kh8 17. Bd2 Nh5 18. g3 Rae8 19. Bf1 e5 20. dxe5 dxe5 21. Bg2 Qf7
22. Rf1 Nf4 23. Qb3 Qd7 24. Rad1 Nxg2 25. Kxg2 Qc8 26. Bc1 c5 27. Qc2 Qb7+ 28.
f3 Ne6 29. Qe4 Qf7 30. Ng4 Nc7 31. Rd6 Qxa2 32. Rfd1 Ne6 33. Rd7 Nd4 34. cxd4
exd4 35. Qb7 Re2+ 36. Kh3 Rf5 37. Rd8+ Bf8 38. Rxf8+ Rxf8 39. Bh6 Qf7 40. Qc6
Qf5 0-1

[Event "European Blitz 2016"]
[Site "Tallinn EST"]
[Date "2016.12.17"]
[Round "6.13"]
[White "Ponkratov, Pavel"]
[Black "Popov, Mikhail"]
[Result "1-0"]
[WhiteTitle "GM"]
[BlackTitle "FM"]
[WhiteElo "2607"]
[BlackElo "2369"]
[WhiteFideId "4157800"]
[BlackFideId "4146182"]
[EventDate "2016.12.17"]

1. e4 e6 2. d4 d5 3. Bd3 dxe4 4. Bxe4 Nf6 5. Bf3 c5 6. Ne2 Be7 7. Nbc3 O-O 8.
Be3 Qa5 9. O-O Rd8 10. Qe1 Qc7 11. Bf4 Qb6 12. Na4 Qa6 13. Nxc5 Bxc5 14. dxc5
Nc6 15. Bd6 Ne8 16. Bg3 Qc4 17. Qc3 Qxc3 18. Nxc3 Nd4 19. Bd1 Bd7 20. Ne4 Bc6
21. Nd6 Nxd6 22. Bxd6 Nf5 23. Bf4 Rd5 24. b4 Rd4 25. Bc1 Rxb4 26. Be2 Bb5 27. c3
Bxe2 28. cxb4 Bxf1 29. Kxf1 Rd8 30. g4 Nd4 31. Rb1 Nb5 32. Be3 Nc3 33. Ra1 Nd5
34. Bg5 f6 35. Bd2 Nc7 36. Ke2 Nb5 37. Rc1 Nd4+ 38. Ke3 e5 39. Bc3 Ne6 40. Rc2
Nf4 41. Rd2 Nd5+ 42. Kf3 Kf7 43. a3 Ke6 44. Bb2 g6 45. Bc1 f5 46. h3 e4+ 47. Ke2
Nc3+ 48. Ke1 Nd5 49. Rc2 a6 50. Bd2 Rc8 51. Ke2 f4 52. Rc4 Ke5 53. Bc1 f3+ 54.
Kd2 Rf8 55. a4 e3+ 56. Ke1 e2 57. b5 axb5 58. axb5 Rd8 59. Bd2 Ra8 60. Rc1 Rc8
61. Rc4 Ra8 62. Rc1 Ke4 63. c6 bxc6 64. bxc6 Kd3 65. Rb1 Rc8 66. Rc1 Ne7 67.
Rc3+ Kd4 68. Rxf3 Nxc6 69. Kxe2 Ke5 70. Rf7 Nd4+ 71. Kf1 h5 72. Kg2 hxg4 73.
hxg4 Ne6 74. Be3 Rc4 75. Kg3 Ra4 76. g5 Nd4 77. Bxd4+ Rxd4 78. Rf6 Rd3+ 79. f3
Rd1 80. f4+ Ke4 81. Rxg6 Rg1+ 82. Kf2 Rg4 83. Rf6 Rh4 84. Kg3 Rh1 85. Re6+ Kf5
86. Re5+ Kg6 87. Re6+ Kf5 88. Rf6+ Ke4 89. g6 Rg1+ 90. Kh4 Kf3 91. Kh5 Rh1+ 92.
Kg5 Ke4 93. g7 Rg1+ 94. Kh6 Rh1+ 95. Kg6 Kd5 1-0

[Event "European Blitz 2016"]
[Site "Tallinn EST"]
[Date "2016.12.17"]
[Round "6.14"]
[White "Malakhov, Igor"]
[Black "Munoz, Miguel"]
[Result "0-1"]
[WhiteTitle "IM"]
[BlackTitle "GM"]
[WhiteElo "2454"]
[BlackElo "2473"]
[WhiteFideId "4183088"]
[BlackFideId "3800229"]
[EventDate "2016.12.17"]

1. e4 d5 2. exd5 Qxd5 3. Nc3 Qa5 4. d4 Nf6 5. Nf3 Nc6 6. Bd2 a6 7. h3 Qb6 8. Na4
Qa7 9. Be3 Nd5 10. Qd2 Bf5 11. g4 Be4 12. Bg2 e6 13. O-O O-O-O 14. Ne5 Nxe5 15.
Bxe4 Nc4 16. Qe2 Ncxe3 17. fxe3 Nf6 18. Bg2 h6 19. c4 c5 20. d5 exd5 21. cxd5 b5
22. Nc3 Bd6 23. Rxf6 gxf6 24. Ne4 c4 25. a4 Qb6 26. axb5 axb5 27. Kh1 h5 28.
gxh5 f5 29. Nc3 Bb8 30. Qf3 Qd6 31. Qxf5+ Rd7 32. Kg1 Qh2+ 33. Kf1 Rg8 34. Qe4
Rd6 35. Ne2 Rf6+ 36. Nf4 Bxf4 37. Ra8+ Bb8+ 38. Ke1 Qg1+ 39. Kd2 Qxg2+ 40. Ke1
Qg4 0-1

[Event "European Blitz 2016"]
[Site "Tallinn EST"]
[Date "2016.12.17"]
[Round "6.15"]
[White "Kozul, Zdenko"]
[Black "Pohjala, Henri"]
[Result "1-0"]
[WhiteTitle "GM"]
[BlackTitle "FM"]
[WhiteElo "2613"]
[BlackElo "2382"]
[WhiteFideId "14502879"]
[BlackFideId "506478"]
[EventDate "2016.12.17"]

1. d4 d5 2. c4 c6 3. e3 Nf6 4. Nc3 a6 5. Nf3 e6 6. a3 Nbd7 7. Bd3 dxc4 8. Bxc4
b5 9. Ba2 c5 10. O-O Bb7 11. e4 cxd4 12. Nxd4 Be7 13. f3 O-O 14. Be3 Rc8 15. Qe2
Qc7 16. Rfd1 Rfd8 17. Qf2 Ne5 18. Qg3 Nc4 19. Qxc7 Rxc7 20. Bxc4 Rxc4 21. Nb3
Rxd1+ 22. Rxd1 Rc8 23. Na5 Ba8 24. Ne2 b4 25. a4 Rc2 26. Nd4 Rxb2 27. Ndc6 Bxc6
28. Nxc6 Bf8 29. Rd8 h6 30. Ne7+ Kh7 31. Rxf8 Re2 32. Bd4 Nh5 33. g3 Rd2 34. Nc6
b3 35. Rb8 Rc2 36. Ne5 f6 37. Nd7 Rd2 38. Nf8+ Kg8 39. Nxe6+ Kf7 40. Rb6 Rc2 41.
f4 Rc4 42. f5 Rxa4 43. Rxb3 Ke8 44. Rb7 1-0

[Event "European Blitz 2016"]
[Site "Tallinn EST"]
[Date "2016.12.17"]
[Round "6.16"]
[White "Lovkov, Roman"]
[Black "Vallejo Pons, Francisco"]
[Result "0-1"]
[WhiteTitle "IM"]
[BlackTitle "GM"]
[WhiteElo "2433"]
[BlackElo "2711"]
[WhiteFideId "4157389"]
[BlackFideId "2205530"]
[EventDate "2016.12.17"]

1. d4 Nf6 2. c4 e6 3. g3 d5 4. Nf3 Bb4+ 5. Bd2 Be7 6. Bg2 O-O 7. O-O c6 8. Qc2
Nbd7 9. Bf4 Ne4 10. Nbd2 g5 11. Be3 Nd6 12. Qc1 h6 13. c5 Nf5 14. Nb3 a5 15. a4
Nxe3 16. Qxe3 Bf6 17. Ne5 Bg7 18. f4 Nxe5 19. fxe5 f6 20. exf6 Rxf6 21. Rxf6
Qxf6 22. Rf1 Qe7 23. Qd2 e5 24. e3 Qc7 25. e4 exd4 26. exd5 cxd5 27. Bxd5+ Kh8
28. Rf7 Qe5 29. Bc4 Bh3 30. Rf2 Rd8 31. Re2 Qf5 32. Re1 d3 33. Qe3 d2 34. Rd1
Qc2 35. Rxd2 Qb1+ 36. Kf2 Rf8+ 0-1

[Event "European Blitz 2016"]
[Site "Tallinn EST"]
[Date "2016.12.17"]
[Round "6.17"]
[White "Cvitan, Ognjen"]
[Black "Krutti, Valer"]
[Result "1-0"]
[WhiteTitle "GM"]
[BlackTitle "IM"]
[WhiteElo "2491"]
[BlackElo "2361"]
[WhiteFideId "14500086"]
[BlackFideId "706248"]
[EventDate "2016.12.17"]

1. d4 Nf6 2. c4 c5 3. e3 g6 4. Nc3 Bg7 5. Nf3 O-O 6. Be2 cxd4 7. exd4 d5 8. O-O
Nc6 9. h3 b6 10. Re1 dxc4 11. Bxc4 Na5 12. Bf1 Bb7 13. Bg5 Rc8 14. Ne5 Nc6 15.
Qa4 h6 16. Bh4 e6 17. Rad1 g5 18. Bg3 a6 19. Bxa6 Ra8 20. Nxc6 Qe8 21. Nb4 Bxa6
22. Qxe8 Rfxe8 23. Nxa6 Rxa6 24. a3 Rd8 25. Be5 Ra7 26. Rc1 Nd5 27. Nxd5 Rxd5
28. Rc6 Rb7 29. a4 Bxe5 30. dxe5 Rd2 31. b3 Rd3 32. Re3 Rd2 33. Re4 Rd5 34. g3
b5 35. a5 b4 36. a6 Ra7 37. Rxb4 Rxe5 38. Rb7 Rxb7 39. axb7 Rb5 40. Rc8+ Kg7 41.
b8=Q Ra5 1-0

[Event "European Blitz 2016"]
[Site "Tallinn EST"]
[Date "2016.12.17"]
[Round "6.18"]
[White "Skytte, Rasmus"]
[Black "Naiditsch, Arkadij"]
[Result "1/2-1/2"]
[WhiteTitle "IM"]
[BlackTitle "GM"]
[WhiteElo "2390"]
[BlackElo "2687"]
[WhiteFideId "1404210"]
[BlackFideId "4650891"]
[EventDate "2016.12.17"]

1. e4 c5 2. c3 d6 3. d4 Nd7 4. Nf3 g6 5. Bc4 e6 6. O-O Bg7 7. Re1 Ne7 8. Bb3 O-O
9. Nbd2 b5 10. Nf1 Bb7 11. Ng3 e5 12. a4 c4 13. Bc2 a6 14. Bg5 h6 15. Be3 f5 16.
exf5 gxf5 17. Nh5 e4 18. Nxg7 Kxg7 19. Qd2 Rf6 20. Nh4 Qf8 21. g3 Kh7 22. f3 Ng6
23. Nxg6 Rxg6 24. fxe4 Bxe4 25. Bf4 d5 26. axb5 axb5 27. Rxa8 Qxa8 28. Bxe4 fxe4
29. Rf1 Rf6 30. Bxh6 Rxf1+ 31. Kxf1 Qa6 32. Bg5 b4 33. Kg2 bxc3 34. bxc3 Qe6 35.
Qf4 Nb6 36. Bf6 Na4 37. Qh4+ Kg6 38. Qg5+ Kf7 39. Qg7+ Ke8 40. Qh8+ Kd7 41. Qg7+
Kc6 42. Qa7 Kb5 43. Qb7+ Nb6 44. Bd8 Ka4 45. Qxb6 Qd7 46. Qa5+ Kb3 47. Bg5 Qg4
48. Qb4+ Kc2 49. h4 Qf3+ 50. Kh3 Qf5+ 51. Kh2 Qf2+ 52. Kh3 Qf1+ 53. Kh2 Qf2+ 54.
Kh3 Qf1+ 1/2-1/2

[Event "European Blitz 2016"]
[Site "Tallinn EST"]
[Date "2016.12.17"]
[Round "6.19"]
[White "Tomazini, Zan"]
[Black "Kobalia, Mikhail"]
[Result "1-0"]
[WhiteTitle "IM"]
[BlackTitle "GM"]
[WhiteElo "2414"]
[BlackElo "2628"]
[WhiteFideId "14608162"]
[BlackFideId "4119150"]
[EventDate "2016.12.17"]

1. e4 c5 2. c3 Nf6 3. e5 Nd5 4. d4 cxd4 5. cxd4 e6 6. Nf3 d6 7. Bc4 Nb6 8. Bb3
dxe5 9. Nxe5 Nc6 10. Nf3 Be7 11. O-O O-O 12. Nc3 Nd5 13. Ne4 b6 14. Re1 Bb7 15.
a3 Rc8 16. Bc2 Nf6 17. Nfg5 g6 18. Be3 Na5 19. Bd3 Nc4 20. Bxc4 Rxc4 21. Nd2 Rc8
22. Ngf3 Qd5 23. Bh6 Rfd8 24. Re5 Qd6 25. h3 Qc6 26. Qe2 Qd7 27. Re1 Rc2 28. Qd3
Rdc8 29. Ng5 Rc1 30. Ndf3 Rxe1+ 31. Rxe1 Qc6 32. Nxf7 Qc2 33. Qe3 Qe4 34. Qg5
Qf5 35. Qxf5 gxf5 36. N7g5 Ne4 37. Nxe6 Rc2 38. Be3 Rxb2 39. Rc1 Bd6 40. Ne5 Bd5
41. Nc7 Bb3 42. Ne8 Bxa3 43. Rc8 Be6 44. Nf6+ Kg7 45. Nh5# 1-0

[Event "European Blitz 2016"]
[Site "Tallinn EST"]
[Date "2016.12.17"]
[Round "6.20"]
[White "Pavlidis, Antonios"]
[Black "Fargere, Francois"]
[Result "1-0"]
[WhiteTitle "GM"]
[BlackTitle "GM"]
[WhiteElo "2532"]
[BlackElo "2404"]
[WhiteFideId "4212312"]
[BlackFideId "615935"]
[EventDate "2016.12.17"]

1. e4 c5 2. Nf3 Nf6 3. Nc3 d5 4. exd5 Nxd5 5. Bc4 Nb6 6. Bb5+ Bd7 7. Be2 Nc6 8.
a4 Bf5 9. a5 Nd7 10. a6 Nb4 11. O-O Bxc2 12. Qe1 bxa6 13. d4 Bb3 14. Qd2 e6 15.
Qf4 Be7 16. Nd2 Bd5 17. dxc5 Bxc5 18. Nxd5 Nxd5 19. Qg3 O-O 20. Ne4 Be7 21. Bxa6
Rb8 22. Bd3 Re8 23. Rxa7 Nc5 24. Bh6 g6 25. Bb1 Nxe4 26. Bxe4 Bf6 27. b3 Qb6 28.
Ra3 Nc3 29. Bd3 Qb4 30. Ra7 Qxb3 31. Qf3 Nd5 32. h3 Qb6 33. Ra6 Qd4 34. Be4 Nc3
35. Bc6 Red8 36. Be3 Qc4 37. Qxf6 1-0

[Event "European Blitz 2016"]
[Site "Tallinn EST"]
[Date "2016.12.17"]
[Round "6.21"]
[White "Timerkhanov, Alexander"]
[Black "Dzhumagaliev, Yan"]
[Result "1-0"]
[WhiteTitle "FM"]
[BlackTitle "FM"]
[WhiteElo "2360"]
[BlackElo "2400"]
[WhiteFideId "24177938"]
[BlackFideId "24100110"]
[EventDate "2016.12.17"]

1. d4 Nf6 2. Bg5 Ne4 3. Bf4 e6 4. e3 c5 5. Bd3 Nf6 6. Nd2 Nc6 7. c3 d5 8. Ngf3
Qb6 9. Rb1 Be7 10. Ne5 Nxe5 11. Bxe5 Bd7 12. O-O Bb5 13. c4 dxc4 14. Nxc4 Bxc4
15. Qa4+ Qc6 16. Qxc6+ bxc6 17. Bxc4 cxd4 18. Bxd4 Bd6 19. Rbc1 Ke7 20. Ba6 e5
21. Bc3 Rab8 22. b3 Nd5 23. Bd2 Bb4 24. Rfd1 Bxd2 25. Rxd2 Rb6 26. Bc4 Nf6 27.
f3 Rc8 28. g4 h6 29. Kf2 Rc7 30. h4 Rd7 31. Rxd7+ Nxd7 32. g5 h5 33. f4 g6 34.
Kf3 c5 35. Ke4 exf4 36. exf4 Rd6 37. Rc2 f6 38. Kf3 fxg5 39. hxg5 Nb6 40. Re2+
Kf8 41. Bb5 Kf7 42. Re5 Rd2 43. Rxc5 Rxa2 44. Rc7+ Kf8 45. Bd3 Rb2 46. Bxg6
Rxb3+ 47. Ke4 h4 48. f5 h3 49. f6 Re3+ 50. Kd4 Rg3 51. Rh7 Rg4+ 52. Ke5 Nd7+ 53.
Ke6 Nc5+ 54. Kd6 Ne4+ 55. Bxe4 Rxe4 56. g6 Kg8 1-0